<?xml version="1.0" encoding="UTF-8"?>
<collection xmlns="http://www.loc.gov/MARC21/slim">
 <record>
  <leader>00429pamaa2200145   4500</leader>
  <controlfield tag="001">0000023340</controlfield>
  <controlfield tag="005">20070103090000.0</controlfield>
  <datafield tag="020" ind1="0" ind2="0">
   <subfield code="a">1860491421 </subfield>
  </datafield>
  <datafield tag="090" ind1="0" ind2="0">
   <subfield code="a">PS3552.E55 </subfield>
   <subfield code="b">BEL 1990</subfield>
  </datafield>
  <datafield tag="100" ind1="1" ind2="0">
   <subfield code="a">BELL </subfield>
  </datafield>
  <datafield tag="245" ind1="1" ind2="4">
   <subfield code="a">The Perez family  </subfield>
   <subfield code="c">Christine Bell.</subfield>
  </datafield>
  <datafield tag="260" ind1="0" ind2="0">
   <subfield code="a">New York: </subfield>
   <subfield code="b">Virago Press, </subfield>
   <subfield code="c">1990.</subfield>
  </datafield>
  <datafield tag="300" ind1=" " ind2=" ">
   <subfield code="a">256p.: </subfield>
   <subfield code="b">20cm.</subfield>
  </datafield>
  <datafield tag="650" ind1="0" ind2="0">
   <subfield code="a">Cuban Americans -- </subfield>
   <subfield code="x">Fiction -- </subfield>
   <subfield code="z">Florida -- </subfield>
   <subfield code="z">Miami </subfield>
  </datafield>
  <datafield tag="650" ind1="0" ind2="0">
   <subfield code="a">Political prisoners -- </subfield>
   <subfield code="x">Fiction -- </subfield>
   <subfield code="z">Cuba </subfield>
  </datafield>
 </record>
</collection>
